Statistics for Top 10 Tennis Grand Slam Players in Open Era

Click here to take the quiz!

General Stats

  • This quiz has been taken 36 times
  • The average score is 9 of 10

Answer Stats

# Player Country % Correct
2Novak DjokovicSerbia
100%
3Rafael NadalSpain
100%
1Roger FedererSwitzerland
97%
8Andy MurrayUnited Kingdom
91%
5Ivan LendlCzechoslovakia
85%
6Pete SamprasUnited States
85%
9John McEnroeUnited States
85%
10Björn BorgSweden
85%
4Jimmy ConnorsUnited States
79%
7Andre AgassiUnited States
79%

Score Distribution

Percentile by Number Answered

Percent of People with Each Score

Your Score History

You have not taken this quiz